| 000 | 01058nam a22002297a 4500 | ||
|---|---|---|---|
| 999 |
_c17497 _d17497 |
||
| 003 | AR-CdUCM | ||
| 008 | 190225b ||||| |||| 00| 0 spa d | ||
| 040 |
_aMUNICIPALIDAD PROVINCIAL DEL CUSCO _cBIBLIOTECA MUNICIPAL DEL CUSCO |
||
| 082 |
_a869.508 / _bV19 / 1958 |
||
| 100 |
_aValdivia, Juan Gualberto _92118 |
||
| 245 |
_aLas revoluciones de Arequipa : _bCrónica / |
||
| 260 |
_aArequipa : _bPopulibros, _c1958. |
||
| 300 |
_a192 páginas ; _c16 cm. |
||
| 440 |
_aEdiciones Populibro. _915786 |
||
| 505 | _aContenido: t.1 : Revolución hecha en Lima, por los generales Gamarra y Bermudez, contra el presidente provisorio, general Luis José Orbegoso y contra la convención nacional de enero de 1834 -- Protesta y pronunciamiento de Arequipa contra la revolución de Gamarra y Bermudez -- Revolución del general Felipe Santiago Salaverry ... | ||
| 650 |
_aRevolución _9844 |
||
| 650 |
_aArequipa _91703 |
||
| 650 |
_aProtesta _92120 |
||
| 700 |
_aGarcía Calderón, Francisco (prólogo) _92121 |
||
| 942 |
_2ddc _cLIBROS |
||
| 945 |
_adavv _d2019-05-08 |
||